Deepest Lakes In The World - Statistics

General Stats
  • This quiz has been taken 36 times
  • The average score is 4 of 10
Answer Stats
Hint Answer % Correct
Asia Lake Baikal
97%
Africa Lake Malawi
71%
Africa Lake Tanganyika
68%
Asia Caspian Sea
62%
North America Great Slave Lake
32%
North America Crater Lake
24%
Asia Issyk-Kul
9%
Antarctica Lake Vostok
9%
South America O'Higgins Lake
9%
Asia Lake Matano
0%
No matching quizzes found
Score Distribution
Percent of People with Each Score
Percentile by Number Answered
Your Score History
You have not taken this quiz